The theory of functions of a real variable and the theory of Fourier's series. (Record no. 543824)
[ view plain ]
| 000 -LEADER | |
|---|---|
| fixed length control field | 00621cam a2200169 4500 |
| 082 ## - DEWEY DECIMAL CLASSIFICATION NUMBER | |
| Classification number | 515.8 |
| Author Mark | HOB |
| -- | L-2, P-55 |
| 100 1# - MAIN ENTRY--PERSONAL NAME | |
| Personal name | Hobson, Ernest William, |
| 9 (RLIN) | 39322 |
| 245 14 - TITLE STATEMENT | |
| Title | The theory of functions of a real variable and the theory of Fourier's series. |
| Statement of responsibility, etc. | Hobson, Ernest William |
| 260 ## - PUBLICATION, DISTRIBUTION, ETC. | |
| Place of publication, distribution, etc. | Washington, |
| Name of publisher, distributor, etc. | Harren Press, |
| Date of publication, distribution, etc. | 1950. |
| 300 ## - PHYSICAL DESCRIPTION | |
| Extent | 772 p. : |
| Other physical details | diagrs. |
| Dimensions | 24 cm. |
| 500 ## - GENERAL NOTE | |
| General note | Vol. 1: 3d ed., rev. throughout and enl.; v. 2: 2d ed., rev throughout and enl. |
| 526 ## - STUDY PROGRAM INFORMATION NOTE | |
| Program name | 0 |
| Interest level | 0 |
| Reading level | 0 |
| Title point value | 515_800000000000000_HOB |
| 650 #0 - SUBJECT ADDED ENTRY--TOPICAL TERM | |
| Topical term or geographic name entry element | 772 |
| 9 (RLIN) | 39323 |
| 650 #0 - SUBJECT ADDED ENTRY--TOPICAL TERM | |
| Topical term or geographic name entry element | Integrals, Generalized. |
| 9 (RLIN) | 39324 |
| 650 #0 - SUBJECT ADDED ENTRY--TOPICAL TERM | |
| Topical term or geographic name entry element | MCE |
| 9 (RLIN) | 379 |
| 942 ## - ADDED ENTRY ELEMENTS (KOHA) | |
| Source of classification or shelving scheme | |
| Koha item type | Book |
| Withdrawn status | Lost status | Source of classification or shelving scheme | Damaged status | Not for loan | Permanent Location | Current Location | Date acquired | Total Checkouts | Full call number | Barcode | Date last seen | Price effective from | Koha item type |
|---|---|---|---|---|---|---|---|---|---|---|---|---|---|
| Military College of Engineering (MCE) | Military College of Engineering (MCE) | 04/03/2014 | 515.8 HOB | MCE-29103 | 04/03/2014 | 04/03/2014 | Book |
